Toán học cao cấp
Toán cao cấp, phép tính giải tích nhiều biến số trong cuốn toán học cao cấp tập 3 đã ra trước đó và một số bài tập được bổ sung thêm.
Gorde:
| Egile nagusia: | |
|---|---|
| Formatua: | Liburua |
| Hizkuntza: | Undetermined |
| Argitaratua: |
Hà Nội
Giáo dục
2015
|
| Gaiak: | |
| Etiketak: |
Etiketa erantsi
Etiketarik gabe, Izan zaitez lehena erregistro honi etiketa jartzen!
|
| Thư viện lưu trữ: | Trung tâm Học liệu Trường Đại học Cần Thơ |
|---|
| LEADER | 00917nam a2200217Ia 4500 | ||
|---|---|---|---|
| 001 | CTU_207157 | ||
| 008 | 210402s9999 xx 000 0 und d | ||
| 020 | |c 30000 | ||
| 082 | |a 515.64 | ||
| 082 | |b Tr300/T.3 | ||
| 100 | |a Nguyễn, Đình Trí | ||
| 245 | 0 | |a Toán học cao cấp | |
| 245 | 0 | |c Nguyễn Đình Trí (Chủ biên), Tạ Văn Đĩnh, Nguyễn Hồ Quỳnh | |
| 260 | |a Hà Nội | ||
| 260 | |b Giáo dục | ||
| 260 | |c 2015 | ||
| 520 | |a Toán cao cấp, phép tính giải tích nhiều biến số trong cuốn toán học cao cấp tập 3 đã ra trước đó và một số bài tập được bổ sung thêm. | ||
| 650 | |a Giải tích toán học,Mathematical analysis | ||
| 650 | |x Câu hỏi, bài tập, vv,Problems, exercises, etc | ||
| 904 | |i Tuyến | ||
| 980 | |a Trung tâm Học liệu Trường Đại học Cần Thơ | ||